LEADER 00547nam a2200169 i 4500 001 000000202844 003 CaOOAMICUS 005 20110606000000.0 008 110606s1858 it u000 u ita u 013 $a181555 040 $aSeMil$bita 245 10$aVol. 3. 300 $a413 p. 773 0 $aVarchi, Benedetto <1503-1565>$tStoria fiorentina.$dFirenze : Le Monnier, 1857-1858.$g3$w()25069 850 $aSeMil 852 $aSeMil$W1$xVenegono$y1$m1F IV 27 FA$j153343$B153343$CSeMilBibl$Z2$F164325 $8I 996 $6245$aVol. 3$9(OLS)http://semarc/title/80712 LEADER 00467nab a2200145 i 4500 001 000000281347 003 CaOOAMICUS 005 20180831165159.0 008 180831n xx uu u0 0und r 013 $a33902 040 $aSeMil$bita 245 10$a[vedi periodico]. 500 $aDicembre 2005, inserto redazionale. 773 0 $aPapa, Rodolfo <1964- >$tCaravaggio.$dFirenze : Giunti, 2005.$z88-09-04096-1$w()231222 996 $6245$a[vedi periodico]$9(OLS)http://semarc/title/309439